000 00514nam a22001817a 4500
005 20240924075315.0
008 240924b |||||||| |||| 00| 0 eng d
020 _a9780639010557
041 _aEnglish
082 _a349 JOU
100 _lEnglish
245 _aThe Law of South Africa /
_cWA Joubert and JA Faris
250 _aThird Edition
260 _aDurban:
_bLexisNexis,
_c2019
300 _bvii, 502 pages;
_c26 cm.
650 _aLegal practice
_bLaw
942 _cBK
_6ALISON_BN_VRIES
999 _c3076
_d3076